Staatsoberhäupter im ersten Weltkrieg - Statistiken

Allgemein
  • Dieses Quiz wurde 34 mal gespielt
  • Das Durchschnittsergebnis liegt bei 4 aus 15
Antwortstatistiken
Hint Antwort % Korrekt
Deutschland Kaiser Wilhelm II
100%
Österreich Ungarn1914-1916 Kaiser Franz-Joseph I
57%
USA Woodrow Wilson
53%
Russland Zar Nikolaus II
53%
Vereinigtes Königreich König Georg V
33%
Österreich Ungarn1916-1918 Kaiser Karl I
30%
Frankreich Georges Clemenceau
13%
Italien König Victor Emmanuel III
10%
Osmanisches Reich Sultan Mehmed V
10%
Japan Kaiser Taisho
7%
Rumänien König Ferdinand I
7%
Griechenland König Konstantin I
7%
Montenegro König Nikolaus I
7%
Serbien Nikola Pašić
7%
Bulgarien Zar Ferdinand I
7%
Keine übereinstimmenden Quizze gefunden
Verteilung der Resultate
Anzahl Personen mit jedem Resultat
Perzentil nach korrekt beantworteten Fragen
Ihre Resultats-Entwicklung
Sie haben dieses Quiz noch nicht gespielt